000 00292nam a2200109 4500
999 _c10170
_d10170
082 _a351.77MUB
100 _aMubarak, Mohsan
245 _aHealth Coverage in Pakistan an Evaluation for Future Strategy Health for all
260 _aRawalpindi,
_bArmy Press,
300 _aXXII,208P
942 _cBK